000 00748nam a2200265Ia 4500
001 13763
005 20240113235503.0
007 ta
008 051116s1942 a g b000 u 465 u
040 _aCotton College,Assam
041 _a465
082 _a511
_bP 182 P
100 _aPalmer , Claude Irwin .
245 0 _aPractical Mathematics for Home Study /
_cClaude Irwin Palmer & Samuel Fletcher Bibb.
_hTextual Documents
250 _a1st ed. /
260 _aNew York :
_bMcGraw - Hill book company ,
_c1942.
300 _a697p. :
_bill ;
_c21cm .
504 _aIndex
653 _aMathematics
653 _aG-Mathematics
700 _aBibb, Samuel Fletcher .
942 _2ddc
_cBK
999 _c13749
_d13749